[Event "IECC M email"]
[Site "IECC email"]
[Date "2000.08.04"]
[Round "?"]
[White "Ewart, Dave"]
[Black "Miller, Kurt"]
[Result "1-0"]
[WhiteElo "1395"]
[BlackElo "1395"]
[PlyCount "69"]
[EventDate "2000.??.??"]
[EventType "tourn (corr)"]
[EventRounds "2"]
[SourceTitle "Corr 2008"]
[Source "ChessBase"]
[SourceDate "2008.06.24"]
[SourceVersion "1"]
[SourceVersionDate "2008.06.24"]
[SourceQuality "1"]

1. e4 e5 2. Nf3 Nf6 3. Nxe5 d6 4. Nf3 Nxe4 5. d4 d5 6. Bd3 Bd6 7. 0-0 0-0 8. c4 c6 9. Re1 Bf5 10. Qb3 Na6 11. cxd5 Nec5 12. dxc5 Nxc5 13. Bxf5 Nxb3 14. axb3 cxd5 15. Nc3 Bc5 16. Bg5 f6 17. Be6+ Kh8 18. Bf4 Re8 19. Bxd5 Rxe1+ 20. Rxe1 Qd7 21. Re4 f5 22. Re2 Qc8 23. Ne5 h6 24. Nf7+ Kh7 25. Be6 Qc6 26. Bxf5+ Kg8 27. Be6 Qa6 28. g3 Kh7 29. Bc4 Qa1+ 30. Kg2 Rf8 31. Ne5 Bd4 32. Bd3+ Kg8 33. Ng6 Rd8 34. Bc7 Ra8 35. Nd5 1-0